01430nam a2200241Ia 4500001000600000003000900006008004100015040001300056040001300069041001300082100001500095100002900110245001800139245001800157250001100175260000900186260001800195260004600213300005700259500081300316650002801129650003101157H2339IT-RoPAU130308s9999 xx 000 0 und d aIT-RoPAU cIT-RoPAU aITALIANO aPratt Hugo gCodice Aut. SPICS: 2354 aCorto Maltese bCorto Maltese a1a ed. aROMA bLa Repubblica c2003 [1° Ed.:2003 - Ed.Ling.Originale:0] a"368 p. (prefazione: no ; testo: 368 [pagine: 0-0])" a"Chi è corto Maltese. Segnali di Stile. Il Mondo di Hugo Pratt. Le Storie.Appunti di Viaggio. Due Storie con Testi e Disegni di Hugo Pratt. 1. Una Ballata del mare Salato (1967): Uno dei Testi Sacri del Fumetto Moderno; Storia Ambientata Agli inizi del Secolo Nei mari del Sud, è la Storia di Esordio di corto Maltese, Il Marinaio che Vivrà Avventure in Giro per Il Mondodiventando L'Icona Fumettistica dell'Eroe Romantico, Idealista e Disilluso. 2. favola di Venezia (1977): corto Maltese va Alla Ricerca della Clavicola di Salomone, Uno Smeraldo Purissimo di Cui si Sono Perse le Tracce in Unavenezia Piena di Mistero. e nella Città di Hugo Pratt, corto si Smarriscetra Riunioni Massoniche, Intrighi e passioni D'Amore; si Giunge così a Unfinale a Sorpresa Degno delle magie del Mitico Marinaio." aAUTORI/OPERE DI FUMETTO eCodice materia Spics: 6707